000 00377nam a2200133Ia 4500
008 151001s9999||||xx |||||||||||||| ||und||
100 _aश्याम मोहन अस्थाना
245 _aखुजाराहो कि यक्षीणी
250 _a1
260 _bराधाराणी
260 _c2004
300 _a112
365 _b21
999 _c986233
_d986230